Trick Questions #2 - Statistics

General Stats
  • This quiz has been taken 4,755 times
  • The average score is 11 of 18
Answer Stats
Question Answer % Correct
What do you put in a toaster? Bread
92%
In a running race, you overtake the person in second place. Now what place are you in? Second place
88%
I had 27 flowers. Sadly, all but 14 died. How many are left? 14
84%
How many times can you subtract the number 5 from 25? Once
82%
If three days before yesterday was the 17th, then what date is three days after tomorrow? the 25th
78%
How many letters are there in the alphabet? 11
75%
What type of surfing can you perform at home? Surfing the Web
75%
What is the shortest month of the year? May
74%
If 5 cats catch 5 mice in 5 minutes, how long will it take one cat to catch a mouse? 5 minutes
72%
What is 1/2 of 2/3 of 3/4 of 4/5 of 5/6 of 6/7 of 7/8 of 8/9 of 9/10 of 1000? 100
68%
What has a head and a tail, but no body, arms or legs? a Coin
65%
Tom's birthday is February 28 - but which year? Every year
62%
What will come but has never actually come? The future
55%
Where can you find success before work? in a Dictionary
43%
As ice melts and becomes water, its volume decreases by 1/12. What fraction does the volume of water increase when it freezes? 1/11
41%
Rearrange the letters in the words "New Door" to make one word. What is it? One Word
40%
A plane crashed, and every single person on board died as a result. Yet, there were two survivors. How is this possible? They were married
35%
On a fine day, a ship was parked at a port. It could accommodate 60 passengers, but as soon as the 59th passenger got on, it started to sink. There were no disasters, accidents or anything wrong whatsoever, but the ship kept on sinking! Why? It was a submarine
12%
No matching quizzes found
Score Distribution
Percent of People with Each Score
Percentile by Number Answered
Your Score History
You have not taken this quiz